| 000 | 00510nam a2200169Ia 4500 | ||
|---|---|---|---|
| 008 | 220204s9999 xx 000 0 und d | ||
| 082 |
_a573.6 _bMCC |
||
| 100 | _aSpier, Kenneth C | ||
| 245 | 0 | _aMonoclonal antibodies in biology and biotechnology: Theoretical and practical aspects | |
| 260 |
_aNew York _bCambridge University _c1990 |
||
| 490 | _aCambrdige Studies in biotechnology 8 | ||
| 650 | _aCloning | ||
| 650 | _aHybridomas | ||
| 650 | _aMonoclonal antibodies | ||
| 700 | _aRaymond E | ||
| 942 | _cBK | ||
| 999 |
_c40206 _d40206 |
||